Online katalóg knižníc regiónu Turca

Zabudnuté rozprávky (Record no. 21944)

MARC details
000 -LEADER
fixed length control field 02898nam a2200697 4500
001 - CONTROL NUMBER
control field 21944
003 - CONTROL NUMBER IDENTIFIER
control field VRT
005 - DATE AND TIME OF LATEST TRANSACTION
control field 20260314193501.0
008 - FIXED-LENGTH DATA ELEMENTS--GENERAL INFORMATION
fixed length control field 241113s2024 xo fa j 000 jdslo
020 ## - INTERNATIONAL STANDARD BOOK NUMBER
International Standard Book Number 9788022215664
Qualifying information (viazané)
039 #9 - LEVEL OF BIBLIOGRAPHIC CONTROL AND CODING DETAIL [OBSOLETE]
Level of rules in bibliographic description 202505150958
Level of effort used to assign nonsubject heading access points AUTHORITY
Level of effort used to assign subject headings 202502191125
Level of effort used to assign classification msnk04
Level of effort used to assign subject headings 202501161523
Level of effort used to assign classification msvkbb03
Level of effort used to assign subject headings 202412021332
Level of effort used to assign classification msvkpo26
040 ## - CATALOGING SOURCE
Original cataloging agency SAVUK
Language of cataloging slo
Transcribing agency SAVUK
Modifying agency SNK
Description conventions rda
041 0# - LANGUAGE CODE
Language code of text/sound track or separate title slo
044 ## - COUNTRY OF PUBLISHING/PRODUCING ENTITY CODE
MARC country code xo
ISO country code SK
072 #7 - SUBJECT CATEGORY CODE
Subject category code 821.162.4-3
Subject category code subdivision Slovenská próza
Source konspekt
072 #7 - SUBJECT CATEGORY CODE
Subject category code 821-93
Subject category code subdivision Literatúra pre deti a mládež (beletria)
Source konspekt
080 ## - UNIVERSAL DECIMAL CLASSIFICATION NUMBER
Universal Decimal Classification number 821.162.4-34
Edition identifier 2011
080 ## - UNIVERSAL DECIMAL CLASSIFICATION NUMBER
Universal Decimal Classification number 82-93-053.4/.5
Edition identifier 2011
080 ## - UNIVERSAL DECIMAL CLASSIFICATION NUMBER
Universal Decimal Classification number (094.9)
Edition identifier 2011
080 ## - UNIVERSAL DECIMAL CLASSIFICATION NUMBER
Universal Decimal Classification number (0:82-94)
Edition identifier 2011
080 ## - UNIVERSAL DECIMAL CLASSIFICATION NUMBER
Universal Decimal Classification number 82‑34/398.2:7.074‑055.2
Edition identifier 2011
080 ## - UNIVERSAL DECIMAL CLASSIFICATION NUMBER
Universal Decimal Classification number 808.543-055.2
Edition identifier 2011
100 1# - MAIN ENTRY--PERSONAL NAME
Personal name Sirotková, Amália,
Dates associated with a name 1813-1892
Relationship aut
245 10 - TITLE STATEMENT
Title Zabudnuté rozprávky
Statement of responsibility, etc. Amália Sirotková ; rozprávky na vydanie pripravila a sekundárne texty napísala Jana Piroščáková ; ilustroval Zsolt Lukács
264 #1 - PRODUCTION, PUBLICATION, DISTRIBUTION, MANUFACTURE, AND COPYRIGHT NOTICE
Place of production, publication, distribution, manufacture Bratislava
Name of producer, publisher, distributor, manufacturer Tatran
Date of production, publication, distribution, manufacture, or copyright notice 2024
300 ## - PHYSICAL DESCRIPTION
Extent 262 strán
Other physical details ilustrácie (prevažne farebné)
Dimensions 25 cm
336 ## - CONTENT TYPE
Content type term text
Content type code txt
Source rdacontent
336 ## - CONTENT TYPE
Content type term statický obraz
Content type code sti
Source rdacontent
337 ## - MEDIA TYPE
Media type term bez média
Media type code n
Source rdamedia
338 ## - CARRIER TYPE
Carrier type term zväzok
Carrier type code nc
Source rdacarrier
500 ## - GENERAL NOTE
General note Obsahuje biografické údaje o autorke
500 ## - GENERAL NOTE
General note Obsahuje poznámky pod čiarou
504 ## - BIBLIOGRAPHY, ETC. NOTE
Bibliography, etc. note Obsahuje bibliografické odkazy a poznámky
600 17 - SUBJECT ADDED ENTRY--PERSONAL NAME
Personal name Sirotková, Amália,
Dates associated with a name 1813-1892
Source of heading or term SNKMA
650 07 - SUBJECT ADDED ENTRY--TOPICAL TERM
Topical term or geographic name entry element zberateľky rozprávok
Source of heading or term SNKPH
650 07 - SUBJECT ADDED ENTRY--TOPICAL TERM
Topical term or geographic name entry element rozprávačky
Source of heading or term SNKPH
650 07 - SUBJECT ADDED ENTRY--TOPICAL TERM
Topical term or geographic name entry element Women collectors of fairy tales
Source of heading or term SNKPHeng
650 07 - SUBJECT ADDED ENTRY--TOPICAL TERM
Topical term or geographic name entry element Women storytellers
Source of heading or term SNKPHeng
655 #7 - INDEX TERM--GENRE/FORM
Genre/form data or focus term slovenské rozprávky
Source of term SNKPH
655 #7 - INDEX TERM--GENRE/FORM
Genre/form data or focus term literatúra pre deti
Source of term SNKPH
655 #7 - INDEX TERM--GENRE/FORM
Genre/form data or focus term zbierky
Source of term SNKPH
655 #7 - INDEX TERM--GENRE/FORM
Genre/form data or focus term Slovak fairy tales
Source of term SNKPHeng
655 #7 - INDEX TERM--GENRE/FORM
Genre/form data or focus term Children's literature
Source of term SNKPHeng
655 #7 - INDEX TERM--GENRE/FORM
Genre/form data or focus term Collections of documents
Source of term SNKPHeng
655 #7 - INDEX TERM--GENRE/FORM
Genre/form data or focus term medailóny
Source of term SNKPH
655 #7 - INDEX TERM--GENRE/FORM
Genre/form data or focus term Biographical portraits
Source of term SNKPHeng
700 1# - ADDED ENTRY--PERSONAL NAME
Personal name Piroščáková, Jana
Relationship edt
-- aui
-- aft
700 1# - ADDED ENTRY--PERSONAL NAME
Personal name Lukács, Zsolt
Relationship ill
700 1# - ADDED ENTRY--PERSONAL NAME
Personal name Bilińska, Irena,
Dates associated with a name 1972-
Relationship rev
700 1# - ADDED ENTRY--PERSONAL NAME
Personal name Hlôšková, Hana,
Dates associated with a name 1955-
Relationship rev
942 ## - ADDED ENTRY ELEMENTS (KOHA)
Source of classification or shelving scheme Dewey Decimal Classification
Koha item type Krásna literatúra pre deti
Suppress in OPAC No
949 ## - LOCAL PROCESSING INFORMATION (OCLC)
6 2889398552
a savukS 168099
b savuk2024/1987
p Exemplár má 2 obrazové prílohy a je uložený v kartónovom obale
q Skontrolovať vrátenie 2 obrazových príloh
r Súčasťou knihy 2 obrazové prílohy
949 ## - LOCAL PROCESSING INFORMATION (OCLC)
6 270001000683399
a svkbbB 67539
b svkbbm 813442
949 ## - LOCAL PROCESSING INFORMATION (OCLC)
6 17A1565178
a snkSC 209359
b snk2025/2848
o 2160/2024
949 ## - LOCAL PROCESSING INFORMATION (OCLC)
6 17A1565179
a snkSC 209359 D1
b snk2025/2849
o 2160/2024
p
949 ## - LOCAL PROCESSING INFORMATION (OCLC)
6 2889397365
a savukS 168060
b savuk2024/1876
949 ## - LOCAL PROCESSING INFORMATION (OCLC)
6 3870A28703
a binIL 1642
b bin28703
949 ## - LOCAL PROCESSING INFORMATION (OCLC)
6 3870A28643
a binSR 147
b bin28643
949 ## - LOCAL PROCESSING INFORMATION (OCLC)
6 273K0693724
a svkpoB 119773
b svkpo682920
Holdings
Stav vyradenia Strata Poškodenie Spôsob nadobudnutia Domovská knižnica Aktuálna knižnica Dátum nadobudnutia Cena Total checkouts Čiarový kód exemplára Date last seen Typ exemplára
      Kúpa Obecná knižnica Diaková Obecná knižnica Diaková 14.03.2026 25.19   4734501530 14.03.2026 Krásna literatúra pre deti
Projekt je podporený Slovenskou asociáciou knižníc
Prevádzkuje Turčianska knižnica Martin 2026